Byabasay sangathan aru parichalana (Record no. 5919)

MARC details
000 -LEADER
fixed length control field 00536cam a2200193ua 4500
001 - CONTROL NUMBER
control field 6776
005 - DATE AND TIME OF LATEST TRANSACTION
control field 20260515114113.0
008 - FIXED-LENGTH DATA ELEMENTS--GENERAL INFORMATION
fixed length control field 140311n ii |||gr||||Z||||||asm
040 ## - CATALOGING SOURCE
Transcribing agency MAIN
082 ## - DEWEY DECIMAL CLASSIFICATION NUMBER
Classification number 338.7
245 ## - TITLE STATEMENT
Title Byabasay sangathan aru parichalana
Statement of responsibility, etc. By Anil Kumar sarmah
250 ## - EDITION STATEMENT
Edition statement 2nd ed. /
Remainder of edition statement Vol II.
260 ## - PUBLICATION, DISTRIBUTION, ETC.
Place of publication, distribution, etc. Guwahati:
Name of publisher, distributor, etc. University publication department,
Date of publication, distribution, etc. 1988.
300 ## - PHYSICAL DESCRIPTION
Extent x,354p.
653 ## - INDEX TERM--UNCONTROLLED
Uncontrolled term Production
653 ## - INDEX TERM--UNCONTROLLED
Uncontrolled term Byabasay sangathan aru parichalana
700 ## - ADDED ENTRY--PERSONAL NAME
Personal name Sarmah,Anil Kumar,
Relator term Author.
942 ## - ADDED ENTRY ELEMENTS (KOHA)
Koha item type Books
Holdings
Withdrawn status Lost status Damaged status Not for loan Home library Current library Shelving location Date acquired Total checkouts Full call number Barcode Date last seen Copy number Price effective from Koha item type
        Naharkatiya College Library Naharkatiya College Library General stacks 09/19/2020   338.7 | SAR 13302 09/19/2020 1 09/19/2020 Books